| 000 | 00528nam a2200169 i 4500 | ||
|---|---|---|---|
| 001 | 70668 | ||
| 003 | ES-MaACL | ||
| 005 | 20230906170902.0 | ||
| 007 | t| | ||
| 008 | 040729s1947 sp ||||1| spa d | ||
| 100 | 1 |
_aGari, Julián. _955543 |
|
| 245 | 1 | 0 |
_aAportación al estudio clínico y tratamiento del Kala-azar infantil / _cpor Julián Gari. |
| 260 |
_aCastellón : _b[s.n., _c1947] ( _fTall. de Hijos de F. Armengot) |
||
| 300 |
_a62 p. ; _c22 cm. |
||
| 650 | 4 |
_aKala-azar. _9155584 |
|
| 852 |
_aES-MaACL _j1883-F-1 _bR.25826 |
||
| 999 |
_c70668 _d70668 |
||